| 000 | 01855cam0 2200421 ib4500 | ||
|---|---|---|---|
| 001 | BY-BR0000-br20249353634 | ||
| 005 | 20251027121752.0 | ||
| 010 |
^a978-5-9614-8883-8 ^bв переплете |
||
| 100 | ^a20250113d2024 cd y0rusy50 ca | ||
| 101 | 1 |
^arus ^ceng |
|
| 102 | ^aRU | ||
| 105 | ^ay z 000ay | ||
| 109 | ^ama | ||
| 200 | 1 |
^a13 проклятий ^e[для младшего и среднего школьного возраста] ^fМишель Харрисон ^gперевод с английского М. Петренко ^gпод редакцией М. Брауде |
|
| 210 |
^aМосква ^cАльпина.дети ^cАльпина Паблишер ^d2024 |
||
| 215 |
^a507 с. ^d21 см |
||
| 311 | ^aКн. 2 трилогии "13 сокровищ" | ||
| 333 | ^a12+ | ||
| 345 | ^93000 экз. | ||
| 488 | 0 |
^12001 ^a13 сокровищ |
|
| 532 | 1 | 1 | ^aТринадцать проклятий |
| 608 |
^aТРИЛОГИЯ ^3BY-NLB-ar48331 ^2BYGNR |
||
| 608 |
^aПРОЗА (лит. произведение) ^3BY-NLB-ar2648148 ^2BYGNR |
||
| 608 |
^aДЕТСКАЯ И ЮНОШЕСКАЯ ЛИТЕРАТУРА (художеств. произведение) ^3BY-NLB-ar9019 ^2BYGNR |
||
| 606 |
^aАНГЛИЙСКАЯ ЛИТЕРАТУРА ^3BY-NLB-ar2468 ^2DVNLB |
||
| 686 |
^a84(4Вел)-4 ^2rubbk |
||
| 690 |
^a1 ^2Base ^9BY-MI0000 ^xRSEK |
||
| 700 | 1 |
^aХаррисон ^bМ. |
|
| 702 | 1 |
^aПетренко ^bМ. ^gМария ^4730 |
|
| 702 | 1 |
^aБрауде ^bМ. ^gМария ^cлитературный редактор ^3BY-PLRB-ar14370711 ^4340 |
|
| 801 | 0 |
^aBY ^bBY-BR0000 ^c20250113 ^gRCR |
|
| 801 | 2 |
^aBY ^bBY-MI0000 ^c20251021 ^gRCR |
|
| 035 | ^a(BY-MI0000)BY-BR0000-br20249353634 | ||
| 899 | 0 |
^aBY-MI0000 ^iХ21 ^h84(4Вел) |
|